000 00987cam a22003015a 4500
001 016602684
003 OSt
005 20201128023814.0
008 131106t2014 enka frb 001 0 eng d
020 _a9781292039688
040 _aUk
_beng
_cUk
_dUkCU
043 _an-us---
082 0 4 _a346.7307
_222
_bCHE
100 1 _aCheeseman, Henry R.‏
_940554
245 1 4 _aThe legal environment of business and online commerce /
_cHenry R. Cheeseman.
250 _a7th ed., Pearson New international ed.
260 _aHarlow :
_bPearson Education Limited,
_cc.2014.
300 _aii, 630 p. :
_bill. ;
_c28 cm.
490 0 _aPearson custom library.
500 _aIndex : p. 617-629.
504 _aIncludes bibliographical references.
650 7 _aCommercial law
_zUnited States.
_2BUEsh
_937192
650 0 _aElectronic commerce
_zUnited States.
_2BUEsh
650 7 _aBusiness ethics
_zUnited States.
_2BUEsh
_91173
651 _2BUEsh
653 _bLLAAWW
_cAugust 2016
942 _2ddc
999 _c22229
_d22201